Network flow programming

Gespeichert in:
Bibliographische Detailangaben
Hauptverfasser: Jensen, Paul A (VerfasserIn), Barnes, J. Wesley (VerfasserIn)
Format: Buch
Sprache:Spanisch
Veröffentlicht: Malabar Robert E. Krieger 1987
Schlagworte:
Tags: Tag hinzufügen
Keine Tags, Fügen Sie den ersten Tag hinzu!

MARC

LEADER 00000nam a2200000 a 4500
001 UCV6790
003 CL-VaPUC
008 910314e19870000US |||||||||||||||||spa|d
082 0 4 |a 519.7  |b JEN  |2 21 
100 0 |a Jensen, Paul A  |e author  |9 300819 
700 0 |a Barnes, J. Wesley  |e author  |9 300820 
245 1 0 |a Network flow programming 
300 |a 408 p 
942 |c BK 
945 |d 19910314 00:00:00 
260 |a Malabar  |b Robert E. Krieger  |c 1987 
650 0 |a Análisis de redes de planificación  |9 262526 
650 7 |a PROGRAMACION MATEMATICAS  |2 CL-VaPUC  |9 259384 
583 |a last modification  |c 19910314 00:00:00  |k Rodrigo Vera 
999 |c 212656  |d 212654 
952 |0 0  |1 0  |4 0  |6 519_700000000000000_JEN_1987  |7 0  |8 A  |9 193943  |a BIBING  |b BIBING  |d 2019-11-14  |i 3315487  |o 519.7 JEN 1987  |p 3315487  |r 2025-01-20  |w 2019-11-14  |y BK  |k EII